00650nam a2200205Ia 4500003000500000005001700005008004100022020002900063040001800092082001700110100002100127245012200148260004500270300002500315365002100340504001900361521002300380700002000403700002100423322820230228114913.0210817s9999 xx 000 0 und d a9780470918173qpaperback a RDAc d3228 a332.024 LEAM aLEAMY, ELISABETH 0aSave big: bcut your top 5 costs and save thousands/c Elisabeth Leamy ; [foreword by Diane Sawyer and Robin Roberts] aNew JerseybJohn Wiley & Sons,Inccc2010 a338 pages. ;c22 cm. bR160.00eR160.00 aIncludes index aAdults non fiction a[Swayer, Diane] a[Roberts, Robin]